System engineering handbook (Record no. 26971)

MARC details
000 -LEADER
fixed length control field 00275nam a2200109Ia 4500
082 ## - DEWEY DECIMAL CLASSIFICATION NUMBER
Classification number 681.3
Item number MAC
245 #0 - TITLE STATEMENT
Title System engineering handbook
260 ## - PUBLICATION, DISTRIBUTION, ETC. (IMPRINT)
Place of publication New York
Name of publisher McGraw hill
Year of publication 1965
700 ## - ADDED ENTRY--PERSONAL NAME
Personal name Machol, Robert E
942 ## - ADDED ENTRY ELEMENTS (KOHA)
Koha item type Books
Holdings
Withdrawn status Lost status Damaged status Not for loan Home library Current library Date acquired Full call number Accession Number Koha item type
        RRII Library RRII Library 16/12/2021 681.3 MAC 07602 Books